000 00423pab a2200169 454500
008 180718b2013 xxu||||| |||| 00| 0 eng d
100 _aNilakantan, Rahul
245 _aImpact of groundwater recharge structures in Saurashtra and Kutch
260 _c2013
300 _ap.198-209.
362 _aJun
650 _aGroundwater
700 _aDatta, Samar K
773 _aArtha Vijnana
908 _aN
909 _a104101
999 _c104097
_d104097